[Event "26th Troya Open 2018"]
[Site "Canakkale"]
[Date "2018.08.05"]
[Round "2.8"]
[White "Ozsakallioglu, Okan"]
[Black "Ozen, Bahadir"]
[Result "1/2-1/2"]
[WhiteElo "1963"]
[BlackElo "2302"]
[Annotator "TA"]
[PlyCount "72"]
[EventDate "2018.08.06"]
[EventType "swiss"]
[EventCountry "TUR"]
[SourceTitle "playchess.com"]
[Source "ChessBase"]
[SourceQuality "1"]

{[%evp 17,72,46,60,35,35,20,21,23,24,28,36,33,31,31,33,31,38,27,33,27,24,0,42,46,115,97,138,60,61,70,104,75,126,0,0,0,0,0,79,42,80,67,95,88,87,88,83,9,111,100,208,128,189,175,192,189,241]} 1. e4 g6 2. d4 Bg7 3. Nc3 c6 4. Nf3 d6 5. Bc4 Nf6 6. Bb3 O-O 7. O-O Bg4 8. h3 Bxf3 9. Qxf3 e6 {LiveBook: 3 Games. B08: Pirc Defence: Classical System} (9... Nbd7 10. Bg5 Qa5 11. Be3 Rab8 12. Rfd1 c5 13. dxc5 Nxc5 14. Bd4 Ncd7 15. Qe2 a6 16. Nd5 Nxd5 17. exd5 Rfe8 {1-0 (77) Amonatov,F (2608)-Rahman,Z (2495) Bhubaneswar 2018}) 10. Bf4 d5 $146 ({Predecessor:} 10... Nh5 11. Be3 Nd7 12. Rad1 Qc7 13. Rd2 b5 14. a3 Rab8 15. Rfd1 Nb6 16. Rd3 Nc4 17. Bc1 {0-1 (40) Kaspschak,K-Boerner,S GER email 2009}) 11. Rad1 dxe4 {The position is equal.} 12. Nxe4 Nxe4 13. Qxe4 Nd7 14. Qf3 a5 15. a4 $36 {[%mdl 2048] White is pushing.} Re8 16. Rfe1 Qb6 17. Be3 Qb4 18. Bd2 Qb6 19. Be3 {[#] Hoping for d5.} Qa6 20. h4 Nb6 (20... b5 $14) 21. h5 Nc4 22. hxg6 (22. Bg5 $16) 22... hxg6 $14 23. Bc1 Nd6 24. Qh3 Qb6 {[#]} ({Black should try} 24... b5) 25. Be3 (25. g4 $1 $16) 25... Qb4 $11 26. Bd2 Qb6 27. Be3 {d5 is the strong threat.} Qd8 (27... Qb4 $11 {remains equal.}) 28. Re2 b5 29. c3 Rb8 30. Bf4 {[%cal Rb3e6]} Rb7 31. Qf3 Rb6 32. Be5 (32. Qg3 $16 Nf5 33. Qh2) 32... bxa4 (32... Nc4 $11) 33. Bxa4 $16 Qd7 (33... Nc4 $16 {was worth a try.}) 34. b3 Nb5 (34... Rd8 $16 {might work better.}) 35. Rd3 Rd8 36. Bf6 Re8 {Precision: White = 48%, Black = 35%.} (36... Qc7 {is a better defense.} 37. Bxd8 Qxd8) 1/2-1/2

[Event "26th Troya Open 2018"]
[Site "Canakkale"]
[Date "2018.08.05"]
[Round "2.9"]
[White "Semiev, Suhrab"]
[Black "Ozdemir, Serhan Berat"]
[Result "1-0"]
[WhiteElo "2285"]
[BlackElo "1975"]
[Annotator "TA"]
[PlyCount "105"]
[EventDate "2018.08.06"]
[EventType "swiss"]
[EventCountry "TUR"]
[SourceTitle "playchess.com"]
[Source "ChessBase"]
[SourceQuality "1"]

{[%evp 13,105,0,0,-2,16,6,17,0,8,0,8,24,14,-29,62,78,82,76,82,83,108,103,135,124,106,96,99,97,150,75,88,72,75,71,139,135,165,154,147,149,183,102,123,127,124,109,147,143,154,89,125,61,79,72,85,74,72,60,125,113,165,168,469,463,891,650,870,606,600,587,583,322,339,321,332,324,293,273,272,261,293,264,275,235,235,237,1128,989,29983,29984,29984,29985,29985,29982]} 1. d4 Nf6 2. Nf3 g6 3. Nc3 d5 4. g3 Bg7 5. Bg2 O-O 6. O-O b6 7. Bf4 {D02: Damenbauernspiele} Bb7 {LiveBook: 3 Partien} 8. a4 a6 (8... c5 9. a5 Na6 10. Be5 e6 11. Qc1 Nb4 12. Rd1 Qe7 13. Nb5 Ne4 14. c3 f6 {½-½ (55) Vandermeulen,B (2586)-Efendiyev,E (2371) ICCF email 2008}) 9. a5 {Die Stellung ist ausgeglichen.} Nbd7 10. axb6 $146 ({Vorgänger:} 10. Ne5 Rc8 11. Qd3 c5 12. Nxd7 Nxd7 13. Nxd5 Bxd5 14. Bxd5 cxd4 15. axb6 {0-1 (25) Riedel,H (2071)-Danielmeier,R (2001) Germany 2017}) 10... cxb6 11. Nd2 b5 12. Nb3 Rc8 13. Na2 {[%cal Bc3a2,Ba2b4,Bb4d3,Bd3c5][%mdl 32]} Qb6 (13... a5 $1 $11) 14. Nb4 $14 Ne4 15. Be3 f5 16. c3 Rfd8 17. Ra2 Qe6 18. Qa1 Ra8 19. Nd3 Qb6 20. Rd1 h6 (20... Bc8 $142) 21. f3 (21. Na5 $142) 21... Nd6 $16 22. Ndc5 Nc4 23. Bf2 Bc8 (23... Nxc5 $142 24. Nxc5 Re8) 24. e4 e6 25. exd5 exd5 26. Re1 Nxc5 27. Nxc5 ({Besser ist} 27. dxc5 $18 Qb7 28. Nd4) 27... Bf8 28. b3 Nd6 29. Nd3 a5 30. Nf4 Nf7 31. Rae2 (31. c4 $142) 31... a4 32. Ra2 (32. c4 $16) 32... Qc6 $1 $14 33. Nd3 $36 {[%mdl 2048] Weiss hat starke Initiative.} Bd7 34. bxa4 Rxa4 35. Nc5 Bxc5 ({Günstiger ist} 35... Nd6 $14) 36. dxc5 {Droht stark Txa4.} Rda8 (36... f4 $16 {war angesagt.}) 37. Rxa4 $18 bxa4 $2 (37... Rxa4 {leistet mehr Widerstand.} 38. Qc1 Qc7) 38. f4 Qb7 (38... g5 $142 39. c4 Qg6) 39. Rb1 Qc7 40. Bxd5 Bc6 41. c4 Ra6 42. Qf6 {[#] jetzt Ld4 und aus.} Bxd5 43. Qxa6 Bc6 44. Rd1 g5 45. Qb6 Qc8 46. fxg5 hxg5 47. Qb2 {[#] zielt auf Df6 ab.} Qe6 {beabsichtigt ...De4.} 48. Qd4 Ne5 49. Qd8+ Kh7 $2 (49... Kf7) 50. Qc7+ Kg6 51. Rd6 {Weiß setzt Matt.} Nf3+ 52. Kh1 Ne5+ 53. Qxc6 $1 {Precision: Weiß = 55%, Schwarz = 37%.} 1-0

[Event "26th Troya Open 2018"]
[Site "Canakkale"]
[Date "2018.08.05"]
[Round "2.10"]
[White "Yildizak, Goksel"]
[Black "Eminov, Orkhan"]
[Result "0-1"]
[WhiteElo "1910"]
[BlackElo "2272"]
[Annotator "TA"]
[PlyCount "114"]
[EventDate "2018.08.06"]
[EventType "swiss"]
[EventCountry "TUR"]
[SourceTitle "playchess.com"]
[Source "ChessBase"]
[SourceQuality "1"]

{[%evp 17,114,31,47,34,31,10,10,10,10,10,10,10,10,2,10,-14,-15,-20,0,0,0,0,6,1,9,0,0,0,16,-19,-17,-36,-37,-76,-17,-17,-17,-17,-18,-13,-25,-53,-50,-80,-83,-126,-133,-238,-241,-226,-235,-236,-232,-214,-188,-218,-223,-228,-233,-288,-290,-291,-259,-282,-275,-260,-250,-248,-245,-408,-417,-385,-368,-498,-498,-464,-478,-535,-265,-666,-666,-666,-662,-629,-592,-4710,-3252,-4810,-4935,-2065,-1874,-1716,-1654,-29965,-1063,-29976,-6120,-5675,-5118]} 1. d4 Nf6 2. Nf3 g6 3. c4 Bg7 4. g3 O-O 5. Bg2 d6 6. O-O Nc6 7. b3 a6 8. Bb2 Rb8 {E60: King's Indian: Unusual lines and Fianchetto Variation without Nc3} 9. d5 Na5 {LiveBook: 10 Games} 10. Nd4 Bd7 {White is slightly better.} 11. Qc1 $146 ({Predecessor:} 11. Nd2 c5 12. Nc2 b5 13. Bc3 bxc4 14. bxc4 Ba4 15. Qc1 Bh6 16. Ne3 {1-0 (25) Horvath,J (2514)-Viviani,A (2181) Montesilvano 2015}) 11... c5 12. dxc6 Nxc6 13. Nxc6 Bxc6 14. Bxc6 bxc6 15. Nc3 Qd7 16. Kg2 d5 17. Na4 Qf5 18. cxd5 cxd5 19. Qe3 Rfe8 20. Qe5 Qg4 21. h3 Qb4 22. Rac1 Rbd8 23. Qc3 Qb5 24. Rfe1 d4 $36 {[%mdl 2048] Black has some pressure.} 25. Qc5 {[#]} Ne4 ({Black should try} 25... Bh6 $1 $17 {[%cal Rh6c1]} 26. Rc2 e5) 26. Qxb5 $11 axb5 27. Nc5 Nc3 28. a3 Nd5 29. b4 Nb6 30. Ba1 {[#]} Ra8 $1 31. Red1 e5 32. Ne4 (32. Rd3 $17 {might work better.}) 32... Nc4 $19 ({Don't play} 32... Rxa3 33. Rc5 $17) 33. Nd2 Nxd2 ({Don't take} 33... Rxa3 34. Nxc4 bxc4 35. Rxc4 $17) ({Don't do} 33... Nxa3 34. Bb2) 34. Rxd2 Bh6 35. e3 dxe3 36. Re2 exf2 37. Rc3 e4 38. Kxf2 Bg7 39. Rc1 Rxa3 40. Bxg7 Kxg7 {[%mdl 4096] Endgame KRR-KRR} 41. Rc5 Rf3+ 42. Kg2 Rf5 43. Rxf5 $2 (43. Rb2) 43... gxf5 {KR-KR} 44. Rc2 Kf6 45. Rc5 Re5 {Hoping for ...Rxc5.} 46. Rc6+ Kg5 47. Rc7 Kg6 (47... e3 $142 {aiming for ...e2.} 48. Kf1 h5 49. Rxf7 h4 50. gxh4+ Kxh4 51. Rh7+ Kg3) 48. Rb7 $2 (48. Rd7) 48... h5 49. h4 Rd5 50. Rb6+ f6 51. Rb8 {[#]} f4 $1 52. gxf4 Kf5 53. Kg3 Rd3+ 54. Kf2 Kxf4 55. Rxb5 f5 (55... e3+ $142 56. Ke1 f5 57. Ke2 Rd2+ 58. Ke1 Kg4 59. Rc5 Rb2 60. Rc1 Kxh4 61. Rc7 f4 62. Re7 Kg3 63. Re6 Rb1+ 64. Ke2 f3+ 65. Kd3 Rd1+ 66. Kc3 e2 67. Rg6+ Kh3 68. Kc2 e1=Q 69. Kb3 Qe4 70. Ka4 Qd5 71. b5 Rb1 72. Rg3+ Kxg3 73. Ka5 Qxb5#) 56. Rb8 Rd2+ (56... e3+ $142 57. Ke2 Rd2+ 58. Ke1 Kf3 59. Rb5 f4 60. Re5 Ra2 61. Kd1 e2+ 62. Kc1 Ra1+ 63. Kd2 Rd1+ 64. Kc2 Kf2 65. Re4 e1=Q 66. Rxe1 Kxe1 67. Kc3 f3 68. b5 f2 69. b6 f1=Q 70. b7 Qb5 71. b8=Q Rc1+ 72. Kd4 Rc4+ 73. Ke3 Qc5+ 74. Kf3 Qf2#) 57. Ke1 Rb2 {Precision: White = 42%, Black = 65%.} 0-1

[Event "26th Troya Open 2018"]
[Site "Canakkale"]
[Date "2018.08.05"]
[Round "2.11"]
[White "Olcum, Ahmet"]
[Black "Subasi, Cagrican"]
[Result "1-0"]
[WhiteElo "2274"]
[BlackElo "1818"]
[Annotator "TA"]
[PlyCount "69"]
[EventDate "2018.08.06"]
[EventType "swiss"]
[EventCountry "TUR"]
[SourceTitle "playchess.com"]
[Source "ChessBase"]
[SourceQuality "1"]

{[%evp 15,69,2,2,-30,17,15,17,17,25,22,16,4,8,0,0,-13,11,-21,0,0,25,21,37,36,91,90,116,102,112,107,111,105,255,228,372,367,393,376,463,441,462,447,445,443,470,462,576,518,559,533,652,636,755,748,712,664]} 1. d4 Nf6 2. Bf4 d5 3. e3 c5 4. c3 Nc6 5. Nd2 Bf5 6. Ngf3 e6 7. Qb3 {D00: Damenbauernspiele} (7. Be2 Bd6 8. dxc5 Bxc5 9. Nd4 Bg6 10. Qa4 O-O 11. Nxc6 bxc6 12. Qxc6 Rc8 13. Qa4 Re8 14. O-O e5 {0-1 (57) Le,Q (2737)-Ding,L (2777) Riadh 2017}) 7... Qc8 8. Nh4 c4 {LiveBook: 3 Partien} 9. Qa4 $146 {Die Stellung ist ausgeglichen.} ({Vorgänger:} 9. Qd1 Be7 10. Nxf5 exf5 11. h3 b5 12. Be2 b4 {1-0 (31) Kamsky,G (2670)-Baghdasaryan,V (2441) Kazan 2016}) 9... a6 10. Nxf5 exf5 11. Be2 {[%cal Bf1e2,Be2d1,Bd1c2][%mdl 32]} Be7 12. Qc2 b5 13. O-O O-O 14. h3 Qe6 15. Rae1 Rae8 16. Bd1 Ne4 17. f3 Nxd2 18. Qxd2 Qg6 19. Bc2 Bh4 {[#]} ({Besser ist} 19... Bg5 $14) 20. Re2 $1 $16 Bg5 {[#]} 21. e4 $1 {[%mdl 512]} Bxf4 (21... dxe4 22. Bxg5) 22. Qxf4 fxe4 23. fxe4 f5 (23... Qh5 $16 24. Ref2 dxe4) 24. e5 $18 {[%cal Rc2f5]} Ne7 (24... Qh5 {war angesagt.}) 25. g4 Rf7 26. Rg2 Ref8 27. gxf5 {Weiß steht klar auf Gewinn.} Rxf5 28. Bxf5 ({Nicht} 28. Rxg6 Rxf4 29. Rxf4 Nxg6 $16) 28... Qxf5 29. Rgf2 {Droht stark Dg3.} Qxf4 30. Rxf4 Rxf4 31. Rxf4 {KT-KS} Ng6 32. Rf5 Ne7 33. Rf1 Ng6 34. e6 Ne7 35. Rf7 {Precision: Weiß = 83%, Schwarz = 28%.} 1-0

[Event "26th Troya Open 2018"]
[Site "Canakkale"]
[Date "2018.08.05"]
[Round "2.12"]
[White "Tasan, Mehmet Askin"]
[Black "Abdulla, Khayala"]
[Result "0-1"]
[WhiteElo "1869"]
[BlackElo "2245"]
[Annotator "TA"]
[PlyCount "102"]
[EventDate "2018.08.06"]
[EventType "swiss"]
[EventCountry "TUR"]
[SourceTitle "playchess.com"]
[Source "ChessBase"]
[SourceQuality "1"]

{[%evp 17,102,25,52,34,47,33,39,27,36,35,44,36,38,31,32,39,39,34,27,25,22,0,0,0,0,-12,101,99,94,96,95,95,79,62,88,-48,-2,-18,-18,-26,-26,-29,26,-12,-17,-16,0,-2,-7,0,0,0,0,0,0,0,0,0,0,0,0,-15,-10,-43,-40,-40,-43,-50,0,-67,-73,-73,-73,-73,-13,-84,-63,-172,-57,-616,-556,-151,-502,-623,-866,-867,-764]} 1. e4 c5 2. Nf3 e6 3. d4 cxd4 4. Nxd4 a6 5. c4 Nf6 6. Nc3 Qc7 7. a3 b6 8. Bd3 Bb7 {B41: Sicilian: Kan Variation: 5 c4} (8... Nc6 9. Nxc6 dxc6 10. Be3 Bd6 11. h3 O-O 12. O-O Bh2+ 13. Kh1 Bf4 14. Bxf4 Qxf4 15. Ne2 Qh4 16. f4 {½-½ (48) Moiseenko,V (2548)-Artemiev,V (2695) Sochi 2017}) 9. O-O Be7 {LiveBook: 5 Games} 10. Re1 {aiming for e5.} d6 {White is slightly better.} 11. Bg5 $146 ({Predecessor:} 11. Be3 O-O 12. f3 Nbd7 13. Rc1 Rfe8 14. Qd2 Rac8 15. Qf2 Qb8 16. Bf1 {½-½ (32) Li,H-Setiabudi,A (1865) Vung Tau 2008}) 11... Nbd7 12. Bf1 O-O 13. Rc1 Rfe8 14. f3 Rac8 15. Be3 Qb8 16. b4 Bd8 17. Qb3 Bc7 18. g3 h5 19. Bf2 h4 20. Bh3 hxg3 21. hxg3 d5 (21... Bd8 $11 {remains equal.}) 22. cxd5 $16 exd5 23. Bxd7 (23. Nxd5 $2 Bxd5 24. exd5 Bxg3 $17) 23... Nxd7 {[#]} 24. Kg2 $1 ({Much worse is} 24. Nxd5 Bxg3 25. Rxc8 Bxc8 $15) 24... dxe4 25. Nxe4 Bxe4 26. fxe4 (26. Rxe4 $16 Qb7 27. Nc6) 26... Ne5 27. Rh1 Bd8 28. Nf5 Rxc1 29. Rxc1 Ng4 (29... Bg5 $142 30. Re1 Qc7) 30. Qf3 Nxf2 31. Kxf2 Qe5 {And now ...Qb2+ would win.} 32. Qc3 Qxc3 33. Rxc3 Rxe4 $11 {[%mdl 4096] Endgame KRB-KRN} 34. Rc8 Re8 35. Nd6 Rf8 36. Rc6 f5 37. Nc4 b5 38. Ne3 f4 39. gxf4 Rxf4+ 40. Ke2 Rf6 41. Rc8 Rf8 42. Nd5 Kf7 43. Rc6 (43. Ra8 $11) 43... Re8+ $15 44. Kf3 {[#]} Re6 $1 {[%cal Re6c6]} 45. Rc8 Bf6 (45... Bb6 $17) 46. Ra8 (46. Rc7+ $11 Kg8 47. Nxf6+ Rxf6+ 48. Ke4) 46... Rd6 47. Nc7 (47. Ra7+ $15 Kg6 48. Ke4) 47... Rc6 (47... Rd7 $19 48. Ne8 Bg5 49. Nxg7 Kxg7 50. Rxa6 Bc1) 48. Nxa6 $2 {[%mdl 8192]} (48. Ra7 $15) 48... Rc3+ $19 49. Ke4 {White wants to play Ra7+.} Rxa3 50. Kd5 g5 {[%cal Bg7g5,Bg5g4][%mdl 32]} 51. Kc5 g4 {Precision: White = 45%, Black = 48%.} 0-1

[Event "26th Troya Open 2018"]
[Site "Canakkale"]
[Date "2018.08.05"]
[Round "2.13"]
[White "Saglamer, Aysen"]
[Black "Acar, Ilhami"]
[Result "1/2-1/2"]
[WhiteElo "1526"]
[BlackElo "1658"]
[Annotator "NA RC"]
[PlyCount "124"]
[EventDate "2018.08.06"]
[EventType "swiss"]
[EventCountry "TUR"]
[SourceTitle "playchess.com"]
[Source "ChessBase"]
[SourceQuality "1"]
[TimeControl "5400+30"]

1. e4 c5 2. Nf3 d6 3. d4 cxd4 4. Nxd4 Nf6 5. Nc3 Nc6 6. Bg5 e6 7. Qd2 a6 8. O-O-O Bd7 9. f4 b5 10. Bxf6 gxf6 {[%emt 0:02:00]} 11. Kb1 {[%emt 0:11:30]} b4 {[%emt 0:02:30]} 12. Nce2 {[%emt 0:07:30]} Qb6 {[%emt 0:01:30]} 13. f5 {[%emt 0:04:30]} e5 {[%emt 0:02:30]} 14. Nxc6 {[%emt 0:04:30]} Bxc6 {[%emt 0:00:30]} 15. Ng3 {[%emt 0:00:30]} h5 {[%emt 0:00:30]} 16. h4 {[%emt 0:00:30]} a5 {[%emt 0:12:30]} 17. Bc4 {[%emt 0:09:30]} Rd8 {[%emt 0:13:30]} 18. Qe2 {[%emt 0:03:30]} Qc5 {[%emt 0:03:30]} 19. Bd5 {[%emt 0:10:30]} Bb5 {[%emt 0:00:30]} 20. Qf3 {[%emt 0:06:30]} Ke7 {[%emt 0:05:30]} 21. Nxh5 {[%emt 0:19:30]} Rc8 {[%emt 0:05:30]} 22. Bb3 {[%emt 0:03:34]} a4 {[%emt 0:00:30]} 23. Nxf6 {[%emt 0:01:19]} Kxf6 {[%emt 0:01:30]} 24. Qg3 {[%emt 0:00:17]} Bh6 {[%emt 0:11:30]} 25. Bxf7 {[%emt 0:08:35]} Ke7 {[%emt 0:16:30]} 26. Qg6 {[%emt 0:03:37]} Bd7 {[%emt 0:09:59]} 27. Be6 {[%emt 0:02:13]} Be8 {[%emt 0:01:57]} 28. f6+ {[%emt 0:03:31]} Kxe6 {[%emt 0:01:34]} 29. f7+ {[%emt 0:00:30]} Ke7 {[%emt 0:01:27]} 30. Rhf1 {[%emt 0:00:54]} Bf4 {[%emt 0:05:17]} 31. fxe8=Q+ {[%emt 0:01:38]} Rhxe8 {[%emt 0:00:20]} 32. Qg7+ {[%emt 0:00:16]} Kd8 {[%emt 0:00:30]} 33. Qf6+ {[%emt 0:00:30]} Kc7 {[%emt 0:00:30]} 34. Rd5 {[%emt 0:00:31]} Qc6 {[%emt 0:01:59]} 35. Rfd1 {[%emt 0:00:58]} Red8 {[%emt 0:00:35]} 36. Qe7+ {[%emt 0:00:00]} Rd7 {[%emt 0:00:30]} 37. Qe6 {[%emt 0:00:56]} Rdd8 {[%emt 0:01:35]} 38. Qe7+ {[%emt 0:00:25]} Kb8 {[%emt 0:00:09]} 39. Ka1 {[%emt 0:00:37]} a3 {[%emt 0:00:30]} 40. Rxd6 {[%emt 0:00:35]} axb2+ {[%emt 0:01:27]} 41. Kxb2 {[%emt 0:00:30]} Rxd6 {[%emt 0:00:30]} 42. Qxd6+ {[%emt 0:00:30]} Qxd6 {[%emt 0:00:30]} 43. Rxd6 {[%emt 0:00:30]} Rc4 {[%emt 0:00:42]} 44. g4 {[%emt 0:00:22]} Rxe4 {[%emt 0:00:03]} 45. g5 {[%emt 0:00:33]} Re2 {[%emt 0:01:22]} 46. g6 {[%emt 0:01:00]} Rg2 {[%emt 0:00:30]} 47. h5 {[%emt 0:00:00]} Rg5 {[%emt 0:00:18]} 48. h6 {[%emt 0:00:00]} e4 {[%emt 0:00:40]} 49. Re6 {[%emt 0:00:30]} Be5+ {[%emt 0:01:01]} 50. Kc1 {[%emt 0:00:25]} Rg1+ {[%emt 0:00:10]} 51. Kd2 {[%emt 0:00:30]} Bf4+ {[%emt 0:00:00]} 52. Ke2 {[%emt 0:00:00]} Bxh6 {[%emt 0:00:18]} 53. Rxe4 {[%emt 0:00:39]} Rxg6 {[%emt 0:00:56]} 54. Rxb4+ {[%emt 0:00:03]} Kc7 {[%emt 0:00:15]} 55. a4 {[%emt 0:01:45]} Rd6 {[%emt 0:00:47]} 56. Rc4+ {[%emt 0:00:43]} Kb6 {[%emt 0:00:06]} 57. Rh4 {[%emt 0:00:31]} Bg5 {[%emt 0:01:09]} 58. Rb4+ {[%emt 0:00:15]} Ka6 {[%emt 0:00:08]} 59. Rb5 {[%emt 0:00:46]} Bf6 {[%emt 0:00:33]} 60. c4 {[%emt 0:00:30]} Bd8 {[%emt 0:00:34]} 61. Rd5 {[%emt 0:00:47]} Rxd5 {[%emt 0:00:30]} 62. cxd5 {[%emt 0:00:00]} Be7 {[%emt 0:00:06]} 1/2-1/2

[Event "26th Troya Open 2018"]
[Site "Canakkale"]
[Date "2018.08.05"]
[Round "2.14"]
[White "Istekli, Erdem"]
[Black "Erdogmus, Yagiz Kaan"]
[Result "1-0"]
[WhiteElo "1713"]
[BlackElo "1422"]
[Annotator "NA RC"]
[PlyCount "139"]
[EventDate "2018.08.06"]
[EventType "swiss"]
[EventCountry "TUR"]
[SourceTitle "playchess.com"]
[Source "ChessBase"]
[SourceQuality "1"]
[TimeControl "5400+30"]

1. e4 c5 2. Nf3 e6 3. c3 d5 4. exd5 {[%emt 0:04:00]} Qxd5 {[%emt 0:02:00]} 5. d4 {[%emt 0:00:30]} cxd4 {[%emt 0:02:30]} 6. cxd4 {[%emt 0:00:30]} Nf6 {[%emt 0:00:30]} 7. Bd3 {[%emt 0:05:30]} Be7 {[%emt 0:01:30]} 8. Nc3 {[%emt 0:00:30]} Qd6 {[%emt 0:00:30]} 9. O-O {[%emt 0:00:30]} O-O {[%emt 0:00:30]} 10. Be3 {[%emt 0:07:30]} Nc6 {[%emt 0:03:30]} 11. a3 {[%emt 0:00:00]} a6 {[%emt 0:01:30]} 12. Qc2 {[%emt 0:03:00]} Bd7 {[%emt 0:05:30]} 13. Rad1 {[%emt 0:02:30]} Rac8 {[%emt 0:02:30]} 14. Rfe1 {[%emt 0:01:30]} h6 {[%emt 0:02:30]} 15. Qd2 {[%emt 0:10:30]} Qc7 {[%emt 0:07:30]} 16. Bxh6 {[%emt 0:13:30]} Ne8 {[%emt 0:01:30]} 17. d5 {[%emt 0:13:30]} Nd8 {[%emt 0:05:30]} 18. Bf4 {[%emt 0:02:30]} Qb6 {[%emt 0:02:30]} 19. Ne5 {[%emt 0:03:30]} Nf6 {[%emt 0:01:30]} 20. d6 {[%emt 0:06:30]} Bxd6 {[%emt 0:00:30]} 21. Nxd7 {[%emt 0:00:30]} Nxd7 {[%emt 0:01:30]} 22. Bxd6 {[%emt 0:00:30]} Re8 {[%emt 0:00:30]} 23. Bg3 {[%emt 0:04:30]} Nc5 {[%emt 0:01:30]} 24. Bb1 {[%emt 0:03:18]} Nc6 {[%emt 0:01:30]} 25. Qc2 {[%emt 0:01:13]} g6 {[%emt 0:00:30]} 26. Bd6 {[%emt 0:06:28]} Nb3 {[%emt 0:01:30]} 27. Be5 {[%emt 0:07:18]} Nxe5 {[%emt 0:00:30]} 28. Rxe5 {[%emt 0:00:30]} Nd4 {[%emt 0:00:30]} 29. Qd2 {[%emt 0:02:53]} Rcd8 {[%emt 0:00:30]} 30. Qh6 {[%emt 0:00:42]} Qxb2 {[%emt 0:00:30]} 31. Bxg6 {[%emt 0:01:14]} Rd7 {[%emt 0:00:30]} 32. Bxf7+ {[%emt 0:00:14]} Kxf7 {[%emt 0:00:30]} 33. Qh7+ {[%emt 0:00:56]} Kf6 {[%emt 0:00:00]} 34. Qxd7 {[%emt 0:00:00]} Qxc3 {[%emt 0:00:00]} 35. Qxe8 {[%emt 0:00:41]} Kxe5 {[%emt 0:00:30]} 36. Qh8+ {[%emt 0:00:34]} Kd5 {[%emt 0:00:00]} 37. Qd8+ {[%emt 0:00:31]} Ke5 {[%emt 0:00:00]} 38. Qh8+ {[%emt 0:00:31]} Kd5 {[%emt 0:00:00]} 39. Qxd4+ {[%emt 0:00:42]} Qxd4 {[%emt 0:00:00]} 40. Rxd4+ {[%emt 0:00:30]} Kxd4 {[%emt 0:00:30]} 41. h4 {[%emt 0:00:00]} Ke5 {[%emt 0:00:30]} 42. h5 {[%emt 0:00:05]} b5 {[%emt 0:00:30]} 43. Kf1 {[%emt 0:00:00]} a5 {[%emt 0:00:00]} 44. Ke2 {[%emt 0:00:00]} Kf5 {[%emt 0:00:00]} 45. Kd3 {[%emt 0:00:00]} Kg5 {[%emt 0:00:30]} 46. g4 {[%emt 0:00:16]} e5 {[%emt 0:00:00]} 47. Ke4 {[%emt 0:00:31]} a4 {[%emt 0:00:00]} 48. Kd3 {[%emt 0:00:12]} e4+ {[%emt 0:00:30]} 49. Kc3 {[%emt 0:00:30]} Kxg4 {[%emt 0:00:30]} 50. h6 {[%emt 0:00:30]} Kf3 {[%emt 0:00:30]} 51. h7 {[%emt 0:00:30]} Kxf2 {[%emt 0:00:30]} 52. h8=Q {[%emt 0:00:00]} e3 {[%emt 0:00:00]} 53. Qd4 {[%emt 0:00:00]} b4+ {[%emt 0:00:00]} 54. Kxb4 {[%emt 0:00:00]} Kf3 {[%emt 0:00:00]} 55. Kxa4 {[%emt 0:00:00]} e2 {[%emt 0:00:00]} 56. Qg1 {[%emt 0:00:20]} Ke4 {[%emt 0:00:30]} 57. Kb5 {[%emt 0:00:30]} Kd3 {[%emt 0:00:30]} 58. Qe1 {[%emt 0:00:00]} Ke3 {[%emt 0:00:00]} 59. a4 {[%emt 0:00:00]} Kf3 {[%emt 0:00:00]} 60. a5 {[%emt 0:00:00]} Ke3 {[%emt 0:00:30]} 61. a6 {[%emt 0:00:18]} Kd3 {[%emt 0:00:30]} 62. a7 {[%emt 0:00:30]} Ke3 {[%emt 0:00:30]} 63. a8=Q {[%emt 0:00:00]} Kd3 {[%emt 0:00:00]} 64. Qf3+ {[%emt 0:00:00]} Kd4 {[%emt 0:00:00]} 65. Qff2+ {[%emt 0:00:00]} Kd5 {[%emt 0:00:00]} 66. Qfxe2 {[%emt 0:00:00]} Kd6 {[%emt 0:00:00]} 67. Qe6+ {[%emt 0:00:00]} Kc7 {[%emt 0:00:00]} 68. Qc3+ {[%emt 0:00:00]} Kb8 {[%emt 0:00:00]} 69. Qcc8+ {[%emt 0:00:00]} Ka7 {[%emt 0:00:00]} 70. Qea6# {[%emt 0:00:00]} 1-0